000 00615cam a22002291 4500
001 sa 68004169
003 DLC
005 20260227112459.0
008 890207s1963 ii 000 1 hin
010 _asa 68004169
035 _a(OCoLC)19111534
040 _aDLC
_cNRU
_dDLC
042 _apremarc
050 0 0 _aPK2098.S548
_bM3
100 1 _aSingh,
_dRajendra,
_d1914-
245 1 0 _aManokāmanā.
_cLekhaka Rājendrasiṃha.
260 _aNaī Dillī,
_bĀrmī Ejucaśanala storja,
_c[1963?]
300 _a287 p.
_c19 cm.
500 _a"Tratīya saṃskaraṇa."
500 _aIn Hindi.
500 _aA novel.
999 _c80018
_d80018